Online
Catalog

Nuevo marco legal municipal: (Record no. 53231)

MARC details
000 -CABECERA
campo de control de longitud fija 01649nam a2200265 i 4500
003 - IDENTIFICADOR DEL NÚMERO DE CONTROL
campo de control DO-SdBNP
005 - FECHA Y HORA DE LA ÚLTIMA TRANSACCIÓN
campo de control 20230420123012.0
006 - CÓDIGOS DE INFORMACIÓN DE LONGITUD FIJA--CARACTERÍSTICAS DEL MATERIAL ADICIONAL
campo de control de longitud fija a|||||r|||| 00| 0
007 - CAMPO FIJO DE DESCRIPCIÓN FÍSICA--INFORMACIÓN GENERAL
campo de control de longitud fija ta
008 - DATOS DE LONGITUD FIJA--INFORMACIÓN GENERAL
campo de control de longitud fija 230413e2007 dr ||||fr|||| 001 udspa d
040 ## - FUENTE DE LA CATALOGACIÓN
Centro catalogador/agencia de origen DO-SdBNP
Lengua de catalogación spa
Centro/agencia transcriptor BNPHU
Normas de descripción rda
082 #4 - NÚMERO DE LA CLASIFICACIÓN DECIMAL DEWEY
Número de edición 22
Número de documento/Ítem T233n
100 1# - ENTRADA PRINCIPAL--NOMBRE DE PERSONA
9 (RLIN) 31093
Nombre de persona Taveras, Waldys
240 ## - TÍTULO UNIFORME
Título uniforme Leyes
245 10 - MENCIÓN DE TÍTULO
Título Nuevo marco legal municipal:
Resto del título anotaciones y comentarios /
Mención de responsabilidad, etc. Waldys Taveras; diseño, diagramación y conceptualización Allan García, Waldys Taveras
246 14 - FORMA VARIANTE DE TÍTULO
Título propio/Titulo breve Nuevo marco legal municipal:
Resto del título anotaciones y comentarios. Ley 176/07 del Distrito Nacional y los Municipios. Ley 13/07 de los contenciosos tributarios y administrativo. Ley 567/05 sobre la Tesorería Nacional
264 11 - PRODUCCIÓN, PUBLICACIÓN, DISTRIBUCIÓN, FABRICACIÓN Y COPYRIGHT
Producción, publicación, distribución, fabricación y copyright Santo Domingo :
Nombre del de productor, editor, distribuidor, fabricante Sin editorial,
Fecha de producción, publicación, distribución, fabricación o copyright 2007
300 ## - DESCRIPCIÓN FÍSICA
Extensión 263 páginas ;
Dimensiones 22 cm
336 ## - TIPO DE CONTENIDO
Fuente rdaconten
Término de tipo de contenido texto
Código de tipo de contenido txt
337 ## - TIPO DE MEDIO
Fuente rdamedia
Nombre/término del tipo de medio sin medición
Código del tipo de medio n
338 ## - TIPO DE SOPORTE
Fuente rdacarrier
Nombre/término del tipo de soporte volumen
Código del tipo de soporte nc
505 ## - NOTA DE CONTENIDO CON FORMATO
Nota de contenido con formato Dedicatoria.
Título Agradecimiento.--
-- A modo de comentarios.--
-- Introducción.--
Información miscelánea Capítulo I
Título La Entidades Municipales.--
Información miscelánea Capítulo II.
Título Construcción y competencias de los Ayuntamientos.--
Información miscelánea Capítulo III.
Título El Concejo Municipal.--
Información miscelánea Capítulo IV.
Título La Administración Municipal.--
Información miscelánea Capítulo V.
Título El Régimen Económico Municipal.--
Información miscelánea Capítulo VI.
Título La Participación ciudadana en La Gestión Municipal.-
-- Una reflexión Final. La Nueva Ley 176-07. ¿Reforma o contrareforma?
-- Ley 176-07 Del Distrito Nacional y los Municipios.--
-- Ley 13-07 Del del Distrito Nacional y los Municipios.--
-- Ley 567-05 Del Distrito Nacional y los Municipios.
590 ## - NOTA LOCAL (RLIN)
Nota local Inventariado 2023 / MF
942 ## - ELEMENTOS DE PUNTO DE ACCESO ADICIONAL (KOHA)
Fuente del sistema de clasificación o colocación Dewey Decimal Classification
Tipo de ítem Koha Libro
Holdings
Estado de retiro Estado de pérdida Fuente del sistema de clasificación o colocación Restricciones de uso No para préstamo Código de colección Localización permanente Ubicación/localización actual Ubicación en estantería Fecha de adquisición Fuente de adquisición Total de préstamos Signatura topográfica completa Código de barras Fecha visto por última vez Precio válido a partir de Tipo de ítem Koha
    Dewey Decimal Classification Excluido de préstamo   Patrimonio Dominicano Biblioteca Nacional Pedro Henríquez Ureña Biblioteca Nacional Pedro Henríquez Ureña En catalogación 16.04.2022 Donado por Carlo F. Otero   T233n 2023-1352 13.04.2023 13.04.2023 Libro

Powered by Koha